| 000 | 00345nam a2200145Ia 4500 | ||
|---|---|---|---|
| 008 | 230312s9999||||xx |||||||||||||| ||und|| | ||
| 020 | _a1-4398-0064-5 | ||
| 082 |
_a616.0759 _bFOR |
||
| 245 | 0 | _aForensic Autopsy | |
| 260 |
_bTaylor and Francis Groups _aUSA _c2012 |
||
| 300 | _a147 | ||
| 546 | _aEng. | ||
| 650 |
_aMedical _vAnatomy |
||
| 942 | _cBK | ||
| 999 |
_c8182 _d8182 |
||